00556 2200205 4500001002100000005001500021035002000036007000300056008004100059082001000100084001600110245004600126250001100172260004000183300004600223650002800269110001500297020002200312990001600334INLIS00000000000043620221102082505 a0010-1122000030ta221102 b 1 ind  a028.5 a028.5 WAT k1 aKetika Kami Harus Pindah :b/cWatek Ideo aCet. I aJakarta :bErlangga For Kids,c2017 a32 halaman :bilustrasi berwarna ;c20 cm 4aSeri Pengembangan Emosi0 aWatek Ideo a978-602-252-833-3 a00000000571